| 000 | 00238nam a22000857a 4500 | ||
|---|---|---|---|
| 999 |
_c17382 _d17382 |
||
| 003 | ASAB | ||
| 005 | 20170424122036.0 | ||
| 008 | 150917t xxu||||| |||| 00| 0 eng d | ||
| 020 | _a81-7648-512-8 | ||
| 040 | _cASAB | ||
| 082 | _a640 | ||
| 100 |
_aprof. s. bhatt _91194 |
||
| 245 |
_aEnvironment protection and sustainable development _cby Prof. S. Bhatt |
||
| 260 |
_aNew Delhi _bA.P.H. Publishing corporation _cc2008 |
||
| 300 | _a236 P | ||
| 942 |
_2ddc _cBK |
||